| 000 | 01152cam a22001934a 4500 | ||
|---|---|---|---|
| 005 | 20250605164122.0 | ||
| 008 | 250528s ||||||||||||||||||||||||d | ||
| 035 | _a18301 | ||
| 020 | _a131276190 | ||
| 040 |
_aGR-AtMCL _bgre _dGR-AtMCL _eAACR2 |
||
| 245 | 1 | _aIntroduction to Materials Science for Engineers / Sixth Edition | |
| 260 |
_bPearson Education Limited, _c2005 |
||
| 300 | _a882 | ||
| 520 | _aPreface, Materials for Engineering, The Fundamentals, Atomic Bonding, Crystalline Structure - Perfection, Crystal Defects and Noncrystalline Structure - Imperfection, Diffusion, Mechanical Behavior, Thermal Behavior, Failure Analysis and Prevention, Phase Diagrams - Equilibrium Microstructural Development, Kinetics - Heat Treatment, The Structural Materials, Metals, Ceramics and Glasses, Polymers, Composites, The Electronic and Optical and Magnetic Materials, Electrical Behavior, Optical Behavior, Semiconductor Materials, Magnetic Materials, Materials in Engineering Design, Environmental Degradation, Materials Selection, Appendices, Index. | ||
| 700 | 1 |
_aShackelford James F _94578 |
|
| 942 | _cBK | ||
| 999 |
_c3667 _d3667 |
||